LEADER 00943nam--2200313---450- 001 990001053810203316 035 $a0105381 035 $aUSA010105381 035 $a(ALEPH)000105381USA01 035 $a0105381 100 $a20020321d1892----km-y0itay0103----ba 101 $aita 102 $aIT 105 $a||||||||001yy 200 1 $a<> civiltà cattolica$eindice delle materie contenute nei dodici volumi che formano la decima-quinta serie della Civiltà cattolica 210 $aFirenze$cPresso Alessandro Befani$d1892 215 $a207 p$d21 cm 606 0 $aCiviltà cristiana$xPeriodici 676 $a282 801 0$aIT$bsalbc$gISBD 912 $a990001053810203316 951 $aPER III 7$bLM$cPER III 959 $aBK 969 $aUMA 979 $aPATTY$b90$c20020321$lUSA01$h1613 979 $c20020403$lUSA01$h1745 979 $aPATRY$b90$c20040406$lUSA01$h1713 996 $aCiviltà cattolica$9551756 997 $aUNISA LEADER 00919nam0-22002771i-450- 001 990002016570403321 005 20050722131648.0 035 $a000201657 035 $aFED01000201657 035 $a(Aleph)000201657FED01 035 $a000201657 100 $a20030910d1930----km-y0itay50------ba 101 0 $adut 200 1 $a<>biologie van de djatitermiet (Kalotermes Tectonae Damm.) in verband met zijn bestrijding$fLouis George Edmund Kalshoven 210 $aWageningen$cVeenman & Zonen$d1930 215 $a154 p., 20 tav.$d24 cm 610 0 $aIsotteri$aTermiti 676 $a595.736 700 1$aKalshoven,$bLouis George Edmund$085436 801 0$aIT$bUNINA$gRICA$2UNIMARC 901 $aBK 912 $a990002016570403321 952 $a61 IV E.2/08$b1097$fDAGEN 959 $aDAGEN 996 $aBiologie van de djatitermiet (Kalotermes Tectonae Damm.) in verband met zijn bestrijding$9405721 997 $aUNINA